ARRUPE JESUIT UNIVERSITY

CORONAVIRUS -STOP THE SPREAD - CLEAN,DISINFECT,COVER

Mining in Africa today : (Record no. 125484)

MARC details
000 -LEADER
fixed length control field 00940pam a2200289 a 4500
001 - CONTROL NUMBER
control field 3382819
003 - CONTROL NUMBER IDENTIFIER
control field ARRUPE
005 - DATE AND TIME OF LATEST TRANSACTION
control field 20161010142222.0
008 - FIXED-LENGTH DATA ELEMENTS--GENERAL INFORMATION
fixed length control field 880516s1988 ja s 000 0 eng
010 ## - LIBRARY OF CONGRESS CONTROL NUMBER
LC control number 88017166
020 ## - INTERNATIONAL STANDARD BOOK NUMBER
International Standard Book Number 0862327385
020 ## - INTERNATIONAL STANDARD BOOK NUMBER
International Standard Book Number 0862327393 (pbk.)
040 ## - CATALOGING SOURCE
Original cataloging agency DLC
Transcribing agency DLC
Modifying agency DLC
041 1# - LANGUAGE CODE
Language code of text/sound track or separate title engfre
043 ## - GEOGRAPHIC AREA CODE
Geographic area code f------
050 00 - LIBRARY OF CONGRESS CALL NUMBER
Classification number HD9506.A382Y3413 1988
082 00 - DEWEY DECIMAL CLASSIFICATION NUMBER
Classification number 338.2/096
Edition number 19
300 ## - PHYSICAL DESCRIPTION
Dimensions 22 cm.
100 1# - MAIN ENTRY--PERSONAL NAME
Personal name Yachir, Faysal.
9 (RLIN) 26651
245 10 - TITLE STATEMENT
Title Mining in Africa today :
Remainder of title strategies and prospects /
Statement of responsibility, etc Faysal Yachir.
260 ## - PUBLICATION, DISTRIBUTION, ETC. (IMPRINT)
Place of publication, distribution, etc Tokyo :
Name of publisher, distributor, etc United Nations University ;
Place of publication, distribution, etc Atlantic Highlands, N.J., U.S.A. :
Name of publisher, distributor, etc Zed Books,
Date of publication, distribution, etc 1988.
300 ## - PHYSICAL DESCRIPTION
Extent xv, 91 p. ;
440 #0 - SERIES STATEMENT/ADDED ENTRY--TITLE
Title Studies in African political economy
9 (RLIN) 26652
650 #0 - SUBJECT ADDED ENTRY--TOPICAL TERM
Topical term or geographic name as entry element Mineral industries
Geographic subdivision Africa.
9 (RLIN) 26653
650 #0 - SUBJECT ADDED ENTRY--TOPICAL TERM
Topical term or geographic name as entry element Mines and mineral resources
Geographic subdivision Africa.
9 (RLIN) 26654
906 ## - LOCAL DATA ELEMENT F, LDF (RLIN)
a 7
b cbc
c orignew
d 1
e ocip
f 19
g y-gencatlg
942 ## - ADDED ENTRY ELEMENTS (KOHA)
Source of classification or shelving scheme Library of Congress Classification
Koha item type Monograph ( Printed materials)
Holdings
Withdrawn status Lost status Source of classification or shelving scheme Damaged status Not for loan Collection code Home library Current library Shelving location Date acquired Total Checkouts Full call number Barcode Date last seen Price effective from Koha item type
    Library of Congress Classification     Main Collection ARRUPE LIBRARY ARRUPE LIBRARY Main Collection 10/10/2016   HD9506.A382Y3413 1988 46500020810 08/05/2018 10/10/2016 Monograph ( Printed materials)

 

Arrupe Library. PO Box MP320 Mt Pleasant, Harare, Zimbabwe
263 242 745411|librarian@aju.ac.zw